| 000 | 01559cam a22003131ia4500 | ||
|---|---|---|---|
| 003 | SA-RiAUC | ||
| 005 | 20241106075606.0 | ||
| 008 | 241105s2000 su g b 000 0 ara c | ||
| 020 | _a9960926125 | ||
| 040 |
_aSA-JeALM _bara _cSA-RiAUC _erda |
||
| 043 | _aa-su--- | ||
| 082 | 0 | 4 |
_a251.1 _qSA-RiAUC |
| 090 |
_a215.1 _bم ز ي |
||
| 100 | 1 |
_aالمزيني، عبد الرحمن بن سليمان بشيش، _d1373 هجري- _eمؤلف. |
|
| 245 | 1 | 0 |
_aاتجاهات التأليف والنسخ في مجال الفقه وأصوله في القرنين السابع والثامن الهجريين مع التطبيق على عينة من المخطوطات المحفوظة في مكتبات المدينة المنورة / _cعبد الرحمن بن سليمان المزيني. |
| 250 | _aالطبعة الأولى. | ||
| 264 | 1 |
_aالمدينة المنورة : _bدار المآثر، _c2000 |
|
| 300 | _c24 سم | ||
| 336 |
_aنص _btxt _2rdacontent _3كتاب |
||
| 337 |
_aبدون وسيط _bn _2rdamedia |
||
| 338 |
_aمجلد _bnc _2rdacarrier |
||
| 504 | _aببليوجرافية : صفحة 505-542. | ||
| 650 | 7 |
_aالفقه الإسلامي _yقرون 13-14 _vببليوجرافيات _2aucsh |
|
| 650 | 7 |
_aأصول الفقه الإسلامي _yقرون 13-14 _vببليوجرافيات _2aucsh |
|
| 650 | 7 |
_aالمخطوطات العربية _zالمدينة المنورة _yقرن 7-8 هـ. _vببليوجرافيات _2aucsh |
|
| 942 |
_2ddc _cBOOK _n0 |
||
| 949 |
_aSA-JeALM _d241105 _umohamedma123 _n1 |
||
| 999 |
_c2080 _d2080 |
||